[Event "IM Marmaris Karia IX 2019"]
[Site "Marmaris"]
[Date "2019.08.24"]
[Round "6.2"]
[White "Annageldyev, Orazly"]
[Black "Karaoglan, Doruk"]
[Result "1-0"]
[WhiteElo "2342"]
[BlackElo "2246"]
[Annotator "NA"]
[PlyCount "79"]
[EventDate "2019.08.24"]
[EventType "schev"]
[EventCountry "TUR"]
[SourceTitle "playchess.com"]
[Source "ChessBase"]
[SourceQuality "1"]
[TimeControl "5400+30"]

1. d4 {[%emt 0:00:30]} Nf6 {[%emt 0:00:30]} 2. Nf3 {[%emt 0:00:00]} g6 {[%emt 0:00:00]} 3. Bg5 {[%emt 0:02:00]} Bg7 {[%emt 0:01:00]} 4. Nbd2 {[%emt 0:00:00]} h6 {[%emt 0:01:30]} 5. Bh4 {[%emt 0:00:00]} d6 {[%emt 0:01:30]} 6. e4 {[%emt 0:04:30]} g5 {[%emt 0:01:30]} 7. Bg3 {[%emt 0:00:30]} Nh5 {[%emt 0:00:00]} 8. c3 {[%emt 0:00:30]} Nd7 {[%emt 0:01:00]} 9. d5 {[%emt 0:03:30]} Nxg3 {[%emt 0:13:30]} 10. hxg3 {[%emt 0:00:30]} c5 {[%emt 0:06:30]} 11. Nc4 {[%emt 0:07:30]} O-O {[%emt 0:14:30]} 12. Bd3 {[%emt 0:08:30]} Nb6 {[%emt 0:12:30]} 13. Ne3 {[%emt 0:01:30]} e6 {[%emt 0:05:30]} 14. g4 {[%emt 0:13:30]} exd5 {[%emt 0:02:30]} 15. exd5 {[%emt 0:00:00]} Re8 {[%emt 0:01:30]} 16. O-O {[%emt 0:04:00]} Rxe3 {[%emt 0:01:30]} 17. fxe3 {[%emt 0:00:30]} Bxg4 {[%emt 0:00:30]} 18. Bc2 {[%emt 0:07:30]} Bh5 {[%emt 0:01:30]} 19. Qd3 {[%emt 0:13:30]} Bg6 {[%emt 0:01:30]} 20. Qe2 {[%emt 0:01:30]} g4 {[%emt 0:08:30]} 21. Bxg6 {[%emt 0:03:30]} fxg6 {[%emt 0:02:30]} 22. Nh2 {[%emt 0:03:30]} h5 {[%emt 0:00:30]} 23. Nxg4 {[%emt 0:05:54]} hxg4 {[%emt 0:00:30]} 24. Qxg4 {[%emt 0:00:05]} Qe8 {[%emt 0:01:51]} 25. Rf3 {[%emt 0:01:40]} Nd7 {[%emt 0:04:42]} 26. Qh4 {[%emt 0:03:31]} Qd8 {[%emt 0:02:08]} 27. Qg4 {[%emt 0:02:03]} Qe8 {[%emt 0:00:57]} 28. Qh4 {[%emt 0:00:42]} Qe5 {[%emt 0:01:22]} 29. Rh3 {[%emt 0:01:34]} Nf8 {[%emt 0:01:16]} 30. Rf1 {[%emt 0:03:20]} Re8 {[%emt 0:01:09]} 31. c4 {[%emt 0:00:34]} Qe7 {[%emt 0:02:04]} 32. Qf2 {[%emt 0:02:32]} Nd7 {[%emt 0:01:32]} 33. b3 {[%emt 0:01:08]} Ne5 {[%emt 0:01:59]} 34. Qh4 {[%emt 0:01:43]} Qxh4 {[%emt 0:00:34]} 35. Rxh4 {[%emt 0:00:06]} a6 {[%emt 0:00:21]} 36. Rd1 {[%emt 0:02:24]} Rf8 {[%emt 0:01:10]} 37. Rf4 {[%emt 0:00:52]} Rb8 {[%emt 0:00:24]} 38. Kf1 {[%emt 0:01:22]} Bh6 {[%emt 0:01:39]} 39. Rf6 {[%emt 0:00:28]} Ng4 {[%emt 0:01:58]} 40. Rxg6+ {[%emt 0:00:07]} 1-0

[Event "IM Marmaris Karia IX 2019"]
[Site "Marmaris"]
[Date "2019.08.24"]
[Round "6.3"]
[White "Papenin, Nikolai"]
[Black "Kizilkus, Akin"]
[Result "1/2-1/2"]
[WhiteElo "2319"]
[BlackElo "2135"]
[Annotator "NA"]
[PlyCount "85"]
[EventDate "2019.08.24"]
[EventType "schev"]
[EventCountry "TUR"]
[SourceTitle "playchess.com"]
[Source "ChessBase"]
[SourceQuality "1"]
[TimeControl "5400+30"]

1. d4 {[%emt 0:00:30]} Nf6 {[%emt 0:00:30]} 2. c4 {[%emt 0:00:00]} g6 {[%emt 0:00:00]} 3. Nc3 {[%emt 0:00:00]} Bg7 {[%emt 0:00:00]} 4. e4 {[%emt 0:00:00]} d6 {[%emt 0:00:00]} 5. Bd3 {[%emt 0:00:00]} O-O {[%emt 0:00:00]} 6. Nge2 {[%emt 0:00:00]} Nc6 {[%emt 0:00:30]} 7. O-O {[%emt 0:00:00]} Nh5 {[%emt 0:00:30]} 8. Bc2 {[%emt 0:00:30]} e5 {[%emt 0:00:00]} 9. d5 {[%emt 0:00:00]} Ne7 {[%emt 0:00:00]} 10. a4 {[%emt 0:01:00]} c5 {[%emt 0:00:00]} 11. dxc6 {[%emt 0:04:30]} bxc6 {[%emt 0:01:00]} 12. b3 {[%emt 0:00:30]} Qc7 {[%emt 0:04:30]} 13. Ba3 {[%emt 0:04:30]} Rd8 {[%emt 0:00:30]} 14. Qd2 {[%emt 0:00:30]} Be6 $11 {[%emt 0:12:30]} 15. Rad1 {[%emt 0:01:30]} Nc8 {[%emt 0:00:00]} 16. h3 {[%emt 0:09:30]} Nf4 {[%emt 0:04:00]} 17. Nxf4 {[%emt 0:00:30]} exf4 {[%emt 0:00:00]} 18. Qd3 {[%emt 0:00:30]} Be5 {[%emt 0:03:00]} 19. Qf3 {[%emt 0:04:30]} Ne7 {[%emt 0:01:30]} 20. Ne2 {[%emt 0:02:30]} g5 {[%emt 0:06:30]} 21. Nd4 {[%emt 0:03:30]} Bc8 {[%emt 0:06:30]} 22. Qh5 {[%emt 0:05:30]} f6 {[%emt 0:02:30]} 23. b4 {[%emt 0:10:30]} Ng6 {[%emt 0:04:30]} 24. Rd2 {[%emt 0:05:30]} Bxd4 {[%emt 0:05:30]} 25. Rxd4 {[%emt 0:00:30]} Ne5 {[%emt 0:00:00]} 26. c5 {[%emt 0:05:30]} Be6 {[%emt 0:08:00]} 27. Rfd1 {[%emt 0:09:30]} dxc5 {[%emt 0:01:30]} 28. bxc5 {[%emt 0:00:00]} Rxd4 {[%emt 0:02:30]} 29. Rxd4 {[%emt 0:00:00]} Rd8 {[%emt 0:02:30]} 30. Rd6 {[%emt 0:00:30]} Rxd6 {[%emt 0:04:30]} 31. cxd6 {[%emt 0:02:30]} Qd7 {[%emt 0:00:30]} 32. Bc5 {[%emt 0:12:26]} f3 {[%emt 0:04:30]} 33. Qh6 {[%emt 0:01:21]} Qf7 {[%emt 0:07:30]} 34. Bd4 {[%emt 0:00:16]} Ng6 {[%emt 0:01:30]} 35. g3 {[%emt 0:04:10]} Bc8 {[%emt 0:02:37]} 36. e5 {[%emt 0:10:18]} fxe5 {[%emt 0:00:54]} 37. Bxg6 {[%emt 0:04:34]} Qxg6 {[%emt 0:00:06]} 38. Qxg6+ {[%emt 0:00:05]} hxg6 {[%emt 0:00:05]} 39. Bxa7 {[%emt 0:00:05]} Kf7 {[%emt 0:01:20]} 40. g4 {[%emt 0:00:39]} Ke6 {[%emt 0:00:25]} 41. Bb8 {[%emt 0:00:20]} Ba6 {[%emt 0:00:27]} 42. d7 {[%emt 0:01:20]} Kxd7 {[%emt 0:00:14]} 43. Bxe5 {[%emt 0:00:34]} 1/2-1/2

[Event "IM Marmaris Karia IX 2019"]
[Site "Marmaris"]
[Date "2019.08.24"]
[Round "6.4"]
[White "Guseynov, Alihan"]
[Black "Oney, Feridun"]
[Result "1-0"]
[WhiteElo "2314"]
[BlackElo "2054"]
[Annotator "NA"]
[PlyCount "47"]
[EventDate "2019.08.24"]
[EventType "schev"]
[EventCountry "TUR"]
[SourceTitle "playchess.com"]
[Source "ChessBase"]
[SourceQuality "1"]
[TimeControl "5400+30"]

1. d4 {[%emt 0:00:30]} Nf6 {[%emt 0:00:30]} 2. c4 {[%emt 0:00:00]} g6 {[%emt 0:01:30]} 3. Nc3 {[%emt 0:00:00]} d5 {[%emt 0:00:30]} 4. Nf3 {[%emt 0:00:30]} Bg7 {[%emt 0:00:30]} 5. Bf4 {[%emt 0:01:30]} O-O {[%emt 0:05:30]} 6. e3 {[%emt 0:00:00]} c5 {[%emt 0:03:30]} 7. dxc5 {[%emt 0:03:00]} Qa5 {[%emt 0:00:30]} 8. Rc1 {[%emt 0:01:30]} dxc4 {[%emt 0:01:30]} 9. Bxc4 {[%emt 0:00:30]} Qxc5 $11 {[%emt 0:03:30]} 10. Bb3 {[%emt 0:13:30]} Nc6 {[%emt 0:03:30]} 11. O-O {[%emt 0:00:30]} Qh5 {[%emt 0:00:30]} 12. h3 {[%emt 0:07:30]} h6 {[%emt 0:11:30]} 13. Bg3 {[%emt 0:10:30]} Bf5 {[%emt 0:08:30]} 14. Ne5 {[%emt 0:12:30]} Nxe5 {[%emt 0:01:30]} 15. Bxe5 {[%emt 0:00:00]} Bg4 {[%emt 0:14:30]} 16. Qd4 {[%emt 0:05:00]} Rad8 {[%emt 0:01:30]} 17. Qf4 {[%emt 0:01:30]} g5 {[%emt 0:06:30]} 18. Qg3 {[%emt 0:13:30]} Bc8 {[%emt 0:06:30]} 19. Bxf6 {[%emt 0:03:30]} Bxf6 {[%emt 0:03:30]} 20. Nd5 {[%emt 0:02:30]} Bxb2 {[%emt 0:00:30]} 21. Nxe7+ {[%emt 0:01:30]} Kh8 {[%emt 0:02:30]} 22. Rc7 {[%emt 0:03:26]} g4 {[%emt 0:02:30]} 23. Nxc8 {[%emt 0:01:51]} Be5 {[%emt 0:02:42]} 24. Rc5 {[%emt 0:00:25]} 1-0

[Event "IM Marmaris Karia IX 2019"]
[Site "Marmaris"]
[Date "2019.08.24"]
[Round "6.5"]
[White "Datuashvili, Nona"]
[Black "Kirilmaz, Emre"]
[Result "0-1"]
[WhiteElo "2083"]
[BlackElo "2044"]
[Annotator "NA"]
[PlyCount "92"]
[EventDate "2019.08.24"]
[EventType "schev"]
[EventCountry "TUR"]
[SourceTitle "playchess.com"]
[Source "ChessBase"]
[SourceQuality "1"]
[TimeControl "5400+30"]

1. d4 {[%emt 0:03:30]} d5 {[%emt 0:01:30]} 2. Nf3 {[%emt 0:00:30]} Nf6 {[%emt 0:00:30]} 3. Bf4 {[%emt 0:00:30]} c5 {[%emt 0:00:00]} 4. c3 {[%emt 0:07:30]} cxd4 {[%emt 0:00:00]} 5. Nxd4 {[%emt 0:01:30]} a6 {[%emt 0:09:30]} 6. e3 {[%emt 0:08:30]} e6 {[%emt 0:02:30]} 7. Bd3 {[%emt 0:08:30]} Bd6 {[%emt 0:03:30]} 8. Bg5 {[%emt 0:04:30]} Nbd7 {[%emt 0:02:30]} 9. Bc2 {[%emt 0:09:30]} Bb8 {[%emt 0:00:30]} 10. Nd2 {[%emt 0:06:30]} h6 {[%emt 0:01:30]} 11. Bh4 {[%emt 0:00:30]} e5 {[%emt 0:01:30]} 12. Nf5 {[%emt 0:01:30]} g6 {[%emt 0:00:30]} 13. Bxf6 {[%emt 0:04:30]} Nxf6 {[%emt 0:01:30]} 14. Ng3 {[%emt 0:00:00]} Bg4 {[%emt 0:03:30]} 15. Qb1 {[%emt 0:01:00]} Kf8 {[%emt 0:03:30]} 16. Bb3 {[%emt 0:05:30]} h5 {[%emt 0:03:30]} 17. Qd3 {[%emt 0:04:30]} Kg7 {[%emt 0:02:30]} 18. f3 {[%emt 0:03:30]} e4 {[%emt 0:03:30]} 19. Qc2 {[%emt 0:04:30]} exf3 {[%emt 0:01:30]} 20. gxf3 {[%emt 0:00:30]} Bxg3+ {[%emt 0:00:30]} 21. hxg3 {[%emt 0:00:30]} Bf5 {[%emt 0:01:30]} 22. Qd1 {[%emt 0:00:30]} Bd3 {[%emt 0:19:30]} 23. Kf2 {[%emt 0:01:30]} Qb6 {[%emt 0:04:30]} 24. Rh4 {[%emt 0:02:30]} Rae8 {[%emt 0:01:30]} 25. Rd4 {[%emt 0:00:30]} Bb5 {[%emt 0:00:30]} 26. Nf1 {[%emt 0:01:02]} Bxf1 {[%emt 0:00:30]} 27. Qxf1 {[%emt 0:01:01]} Re5 {[%emt 0:00:00]} 28. Qd3 {[%emt 0:00:51]} Rhe8 {[%emt 0:01:00]} 29. Re1 {[%emt 0:00:21]} Qe6 {[%emt 0:00:30]} 30. Rh4 {[%emt 0:08:52]} Rf5 {[%emt 0:02:30]} 31. Kg2 {[%emt 0:00:34]} g5 {[%emt 0:03:30]} 32. Bc2 {[%emt 0:03:35]} Rxf3 {[%emt 0:02:30]} 33. Rxh5 {[%emt 0:01:05]} Qg4 {[%emt 0:02:30]} 34. Rxg5+ {[%emt 0:00:57]} Qxg5 {[%emt 0:00:30]} 35. Kxf3 {[%emt 0:00:02]} Qh5+ {[%emt 0:03:22]} 36. Kg2 {[%emt 0:00:45]} Rh8 {[%emt 0:00:27]} 37. Qf5 {[%emt 0:00:29]} Qh2+ {[%emt 0:00:13]} 38. Kf1 {[%emt 0:04:43]} Rh5 {[%emt 0:01:34]} 39. Qd3 {[%emt 0:01:01]} Kg8 {[%emt 0:04:02]} 40. e4 {[%emt 0:00:53]} dxe4 {[%emt 0:01:18]} 41. Qd8+ {[%emt 0:00:51]} Kg7 {[%emt 0:00:13]} 42. Bxe4 {[%emt 0:00:30]} Nxe4 {[%emt 0:01:33]} 43. Qd4+ {[%emt 0:00:01]} Nf6 {[%emt 0:00:10]} 44. Re7 {[%emt 0:01:16]} Qh1+ {[%emt 0:01:25]} 45. Ke2 {[%emt 0:00:13]} Rh2+ {[%emt 0:00:40]} 46. Kd3 {[%emt 0:00:07]} Qf1+ {[%emt 0:00:10]} 0-1

[Event "IM Marmaris Karia IX 2019"]
[Site "Marmaris"]
[Date "2019.08.25"]
[Round "7.1"]
[White "Tanriverdi, Enes"]
[Black "Annageldyev, Orazly"]
[Result "1-0"]
[WhiteElo "2355"]
[BlackElo "2342"]
[Annotator "TA"]
[PlyCount "81"]
[EventDate "2019.08.24"]
[EventType "schev"]
[EventCountry "TUR"]
[SourceTitle "playchess.com"]
[Source "ChessBase"]
[SourceQuality "1"]

{[%evp 22,81,-45,-36,0,-22,0,0,0,-15,-14,-45,-44,-45,-30,-57,20,-22,64,-38,130,116,124,125,121,94,89,27,118,120,122,109,118,109,116,116,122,116,122,116,99,100,110,77,72,0,91,57,169,50,370,370,360,351,364,287,505,471,5476,5525,5114,4517]} 1. Nf3 d5 2. g3 Nf6 3. Bg2 e6 4. O-O Be7 5. d3 c5 6. Nbd2 Nc6 7. e4 O-O 8. Re1 b5 9. e5 Nd7 10. Nf1 Bb7 11. h4 Qc7 12. Bf4 d4 {C00: French: Unusual White 2nd moves} (12... Rfc8 13. Ne3 Qd8 14. Ng4 Bf8 15. Bg5 Qe8 16. c3 h6 17. Bf4 a5 18. Qd2 b4 19. c4 Ne7 20. h5 {1-0 (59) Kuzubov,Y (2699)-Grischuk,A (2772) Riadh 2017}) 13. N1h2 Nb6 14. Ng5 Bxg5 {The position is equal.} 15. Bxg5 Ne7 16. Be4 $146 ({Predecessor:} 16. Bxb7 Qxb7 {0-1 (38) Baragar,F (2310)-Udarbe,S Winnipeg 1997}) 16... Bxe4 17. Rxe4 Nbd5 18. h5 Kh8 (18... h6 $15 19. Bxe7 Qxe7) 19. Qd2 Ng8 (19... f6 $11 20. exf6 gxf6) 20. Bh4 (20. h6 $1 $14) 20... f5 $2 (20... h6 $15 {stays ahead.}) 21. exf6 $1 $16 Ndxf6 22. Rxe6 Nxh5 23. Rae1 Nhf6 24. Nf3 (24. Bxf6 $16 {Threatens to win with Re7!} Rxf6 25. Rxf6 Nxf6 26. Qg5) 24... Rae8 (24... Ng4 $11 25. Qg5 Ne3) 25. Rxe8 Rxe8 26. Rxe8 Nxe8 27. Qe2 Ngf6 28. Qe6 h6 29. Bxf6 Nxf6 30. Ne5 Kh7 31. a3 a5 32. Qf5+ Kg8 33. Qe6+ Kh7 $1 34. b3 Qb8 (34... a4 $1 $14) 35. f4 ({Better is} 35. Nc6 $18 Qb6 36. Nxd4 $1 {[%mdl 512]} Qxe6 37. Nxe6) 35... Qc7 $2 {[%mdl 8192] [#]} (35... h5 $14) 36. g4 $1 $18 {[%cal Rg4g5]} c4 37. bxc4 ({Weaker is} 37. dxc4 bxc4 38. bxc4 Qb7 $18) 37... bxc4 38. Qf5+ ({Less strong is} 38. Qxc4 Qd6 $14) 38... Kg8 $2 (38... Kh8 39. dxc4 Qb7) 39. g5 {White is clearly winning.} cxd3 (39... hxg5 $142 40. fxg5 cxd3 41. gxf6 gxf6 42. Nxd3 Kg7 43. Qg4+ Kf7) 40. gxf6 gxf6 41. Qg6+ {Accuracy: White = 42%, Black = 34%.} 1-0

[Event "IM Marmaris Karia IX 2019"]
[Site "Marmaris"]
[Date "2019.08.25"]
[Round "7.3"]
[White "Kizilkus, Akin"]
[Black "Guseynov, Alihan"]
[Result "1/2-1/2"]
[WhiteElo "2135"]
[BlackElo "2314"]
[Annotator "TA"]
[PlyCount "61"]
[EventDate "2019.08.24"]
[EventType "schev"]
[EventCountry "TUR"]
[SourceTitle "playchess.com"]
[Source "ChessBase"]
[SourceQuality "1"]

{[%evp 22,61,26,25,50,52,56,28,28,9,19,0,8,0,0,0,0,0,0,-4,0,0,0,0,6,3,18,0,1,0,0,-40,7,7,18,0,0,-1234,2,-15,18,-1226]} 1. d4 g6 2. c4 Bg7 3. Nc3 c5 4. d5 d6 5. e4 e6 6. Bd3 Nf6 7. h3 O-O 8. Nf3 exd5 9. cxd5 a6 10. a4 Nbd7 11. Bg5 Re8 12. O-O Ne5 {A65: Modern Benoni: 6 e4} (12... Qe7 13. Nd2 h6 14. Be3 Ne5 15. Be2 g5 16. f4 gxf4 17. Bxf4 Nfd7 18. Bh5 Rf8 19. Bh2 Rb8 20. Qe2 {0-1 (36) Aczel,G (2549)-Indjic,A (2611) Budapest 2017}) 13. Nxe5 Rxe5 14. Be3 $146 ({Predecessor:} 14. f4 Rxg5 15. fxg5 Nd7 16. Qd2 Ne5 17. Be2 Bd7 18. a5 h6 19. gxh6 Bf6 20. Na4 {0-1 (68) L'Ami,A (2296)-Wallace,J (2377) Douglas 2018}) 14... Re8 {White has an edge.} 15. Qd2 Bd7 16. a5 Bb5 17. Rfb1 Bxd3 18. Qxd3 Nd7 19. Qc2 Qc7 20. Rc1 Rab8 21. Ra2 b5 {Strongly threatening ...b4.} 22. axb6 $1 Rxb6 23. Rca1 Qb7 24. Bd2 Rb4 25. f3 Rb8 {[%cal Rb4b2]} 26. Rb1 (26. Nd1 $5 {[%cal Rd2b4]}) 26... Ne5 27. Nd1 Rb3 28. Bc3 Qb5 29. Kh1 $2 {[%mdl 8192]} (29. Rba1 $11) 29... Kh8 $2 ({Black should play} 29... Qf1+ $19 30. Kh2 {[#]} Rxc3 $1 {[%mdl 512]} 31. Qxc3 Nxf3+ $1 {[%mdl 512]} 32. gxf3 Bxc3 33. Nxc3 Qf2+ 34. Kh1 Qxf3+ {[%mdl 64] Double Attack} 35. Kg1 Qg3+ 36. Kh1 Qxh3+ 37. Kg1 f5) 30. Kg1 Kg8 31. Kh1 $2 {[%mdl 40960] Accuracy: White = 24%, Black = 51%. . An unexpected result.} (31. Rba1 $11) 1/2-1/2

[Event "IM Marmaris Karia IX 2019"]
[Site "Marmaris"]
[Date "2019.08.25"]
[Round "7.4"]
[White "Oney, Feridun"]
[Black "Datuashvili, Nona"]
[Result "1/2-1/2"]
[WhiteElo "2054"]
[BlackElo "2083"]
[Annotator "NA RC"]
[PlyCount "61"]
[EventDate "2019.08.24"]
[EventType "schev"]
[EventCountry "TUR"]
[SourceTitle "playchess.com"]
[Source "ChessBase"]
[SourceQuality "1"]
[TimeControl "5400+30"]

1. d4 {[%emt 0:00:30]} d5 {[%emt 0:01:30]} 2. c4 {[%emt 0:00:30]} e6 {[%emt 0:00:30]} 3. Nc3 {[%emt 0:00:00]} c6 {[%emt 0:01:30]} 4. cxd5 {[%emt 0:01:00]} exd5 {[%emt 0:00:30]} 5. Bf4 {[%emt 0:00:30]} Nf6 {[%emt 0:00:00]} 6. Nf3 {[%emt 0:01:30]} Bd6 {[%emt 0:00:00]} 7. Bxd6 {[%emt 0:00:30]} Qxd6 {[%emt 0:00:30]} 8. e3 {[%emt 0:00:00]} O-O {[%emt 0:01:30]} 9. Be2 {[%emt 0:00:00]} Bf5 {[%emt 0:00:30]} 10. O-O {[%emt 0:00:30]} Nbd7 {[%emt 0:01:30]} 11. Rc1 {[%emt 0:00:30]} Rfe8 {[%emt 0:00:30]} 12. Bd3 {[%emt 0:00:00]} Bxd3 {[%emt 0:01:30]} 13. Qxd3 {[%emt 0:00:00]} Ne4 {[%emt 0:00:00]} 14. Nd2 {[%emt 0:00:30]} Nxd2 {[%emt 0:00:00]} 15. Qxd2 {[%emt 0:00:30]} Nf6 {[%emt 0:00:30]} 16. Qc2 {[%emt 0:00:30]} h6 {[%emt 0:00:30]} 17. Qb3 {[%emt 0:00:30]} Re7 {[%emt 0:00:30]} 18. h3 {[%emt 0:00:30]} Ne4 {[%emt 0:00:30]} 19. Nxe4 {[%emt 0:00:30]} dxe4 {[%emt 0:00:30]} 20. Qc3 {[%emt 0:00:30]} Qd5 {[%emt 0:00:30]} 21. Qc4 {[%emt 0:00:30]} Qxc4 {[%emt 0:00:30]} 22. Rxc4 {[%emt 0:00:00]} Rd8 {[%emt 0:00:00]} 23. Rfc1 {[%emt 0:00:00]} Rd5 {[%emt 0:00:00]} 24. Rc5 {[%emt 0:00:00]} Rxc5 {[%emt 0:00:00]} 25. Rxc5 {[%emt 0:00:00]} g6 {[%emt 0:01:00]} 26. Kf1 {[%emt 0:00:00]} h5 {[%emt 0:00:00]} 27. h4 {[%emt 0:00:00]} f5 {[%emt 0:00:00]} 28. g3 {[%emt 0:00:00]} Kf7 {[%emt 0:00:30]} 29. Ke2 {[%emt 0:00:00]} Kf6 {[%emt 0:00:00]} 30. Kd2 {[%emt 0:00:00]} a6 {[%emt 0:00:00]} 31. Ke2 {[%emt 0:00:00]} 1/2-1/2

[Event "IM Marmaris Karia IX 2019"]
[Site "Marmaris"]
[Date "2019.08.25"]
[Round "7.5"]
[White "Kirilmaz, Emre"]
[Black "Benidze, Davit"]
[Result "0-1"]
[WhiteElo "2044"]
[BlackElo "2440"]
[Annotator "TA"]
[PlyCount "60"]
[EventDate "2019.08.24"]
[EventType "schev"]
[EventCountry "TUR"]
[SourceTitle "playchess.com"]
[Source "ChessBase"]
[SourceQuality "1"]

{[%evp 9,60,33,32,36,45,23,14,6,17,6,4,-18,-3,0,28,9,2,2,30,-13,-15,-51,-49,-50,-47,-47,-44,-77,-72,-64,-20,-76,-37,-62,-22,-90,-93,-179,-192,-366,-331,-780,-408,-599,-573,-630,-623,-1510,-1468,-1721,-1820,-29990,-29991]} 1. d4 d6 2. e4 Nf6 3. Bc4 g6 4. Qe2 Nc6 5. Nf3 (5. d5 Ne5 6. Bb3 Ned7 7. Nc3 Bg7 8. Nf3 Nc5 9. O-O O-O 10. h3 Re8 11. Bg5 e6 12. dxe6 Bxe6 13. Bxe6 Rxe6 {0-1 (31) Mihok,O (2546)-Almasi,Z (2682) Hungary 2019}) 5... Bg4 6. c3 {B06: Modern Defence} Bg7 7. Nbd2 e5 8. d5 {The position is equal.} Ne7 9. h3 Bd7 10. Bb3 O-O 11. O-O Nh5 12. Nc4 h6 $146 ({Predecessor:} 12... b5 13. Na5 {1-0 (39) Pokorny,Z (2282)-Jelinek,V (2120) Czechia 2002}) 13. Re1 Qc8 14. g4 Nf6 15. Nh2 b5 16. Nd2 c6 17. dxc6 Bxc6 18. Nhf1 d5 19. Ng3 Kh8 20. f3 (20. a4 $11 {remains equal.}) 20... Nh7 21. Kh2 Ng5 22. exd5 (22. Ndf1 $1 $11) 22... Nxd5 $17 {[%cal Be7d5,Bd5f4,Bf4h3][%mdl 32]} 23. Nde4 {[#]} (23. Bxd5 $17 Bxd5 24. Nde4) 23... Nf4 $1 $19 {[%cal Rf4e2][%mdl 64] Double Attack} 24. Qe3 $2 (24. Bxf4 exf4 25. Nf1) 24... Ngxh3 25. Rh1 $2 (25. Rd1 Qb7 26. Qe1) 25... Qd8 26. g5 (26. Qc5 $142 Bxe4 27. Nxe4) 26... Nxg5 27. Kg1 f5 28. Nc5 Nfh3+ 29. Kg2 f4 {[%mdl 64] [#] Double Attack} 30. Ne6 fxe3 {Accuracy: White = 13%, Black = 56%.} 0-1

[Event "IM Marmaris Karia IX 2019"]
[Site "Marmaris"]
[Date "2019.08.25"]
[Round "8.1"]
[White "Papenin, Nikolai"]
[Black "Tanriverdi, Enes"]
[Result "0-1"]
[WhiteElo "2319"]
[BlackElo "2355"]
[Annotator "NA RC"]
[PlyCount "54"]
[EventDate "2019.08.24"]
[EventType "schev"]
[EventCountry "TUR"]
[SourceTitle "playchess.com"]
[Source "ChessBase"]
[SourceQuality "1"]
[TimeControl "5400+30"]

1. d4 {[%emt 0:00:30]} Nf6 {[%emt 0:00:30]} 2. Nc3 {[%emt 0:00:00]} d5 {[%emt 0:00:30]} 3. Bg5 {[%emt 0:00:00]} c6 {[%emt 0:00:30]} 4. Nf3 {[%emt 0:00:00]} Ne4 {[%emt 0:00:30]} 5. Nxe4 {[%emt 0:02:00]} dxe4 {[%emt 0:01:30]} 6. Ng1 {[%emt 0:00:30]} Qb6 {[%emt 0:04:30]} 7. Bc1 {[%emt 0:01:30]} e5 {[%emt 0:00:30]} 8. e3 {[%emt 0:01:30]} Be6 {[%emt 0:01:30]} 9. Ne2 {[%emt 0:01:30]} (9. f3 $11 {remains equal.}) 9... Nd7 {[%emt 0:00:30]} 10. Nc3 $17 {[%emt 0:00:30] [#]} f5 $1 {[%emt 0:01:30]} 11. Be2 {[%emt 0:02:30]} Rd8 {[%emt 0:00:30]} 12. g4 {[%emt 0:04:30]} Nf6 {[%emt 0:04:30]} 13. gxf5 {[%emt 0:05:30]} Bxf5 {[%emt 0:01:30]} 14. Bd2 {[%emt 0:01:30]} exd4 {[%emt 0:00:30]} 15. exd4 {[%emt 0:00:30]} Rxd4 {[%emt 0:00:00]} 16. Qc1 {[%emt 0:00:00]} Bc5 {[%emt 0:00:00]} 17. Be3 {[%emt 0:00:00]} O-O {[%emt 0:00:30]} 18. Rg1 {[%emt 0:01:30]} Rd7 {[%emt 0:03:30]} 19. Bxc5 {[%emt 0:04:30]} Qxc5 {[%emt 0:00:30]} 20. Qe3 {[%emt 0:00:30]} Qb4 {[%emt 0:00:30]} 21. Rb1 {[%emt 0:03:30]} Nd5 {[%emt 0:00:30]} 22. Qd2 {[%emt 0:00:30]} e3 {[%emt 0:00:30]} 23. fxe3 {[%emt 0:02:30]} Qh4+ {[%emt 0:02:30]} 24. Rg3 {[%emt 0:00:30]} Nb4 {[%emt 0:00:30]} 25. Bd3 {[%emt 0:00:30]} Bxd3 {[%emt 0:00:30]} 26. cxd3 {[%emt 0:00:30]} Nxd3+ {[%emt 0:00:00]} 27. Kd1 {[%emt 0:00:30]} Nf2+ {[%emt 0:00:00]} 0-1

[Event "IM Marmaris Karia IX 2019"]
[Site "Marmaris"]
[Date "2019.08.25"]
[Round "8.3"]
[White "Datuashvili, Nona"]
[Black "Kizilkus, Akin"]
[Result "0-1"]
[WhiteElo "2083"]
[BlackElo "2135"]
[Annotator "ChessBase"]
[PlyCount "22"]
[EventDate "2019.08.24"]
[EventType "schev"]
[EventCountry "TUR"]
[SourceTitle "playchess.com"]
[Source "ChessBase"]
[SourceQuality "1"]
[TimeControl "5400+30"]

1. e4 {[%emt 0:09:30]} e6 {[%emt 0:00:30]} 2. d4 {[%emt 0:00:30]} d5 {[%emt 0:00:00]} 3. exd5 {[%emt 0:00:00]} exd5 {[%emt 0:00:00]} 4. c4 {[%emt 0:00:00]} Nf6 {[%emt 0:00:00]} 5. Nc3 {[%emt 0:00:00]} Bb4 {[%emt 0:00:00]} 6. Nf3 {[%emt 0:00:00]} O-O {[%emt 0:00:30]} 7. Be2 {[%emt 0:00:00]} dxc4 {[%emt 0:00:30]} 8. Bxc4 {[%emt 0:00:00]} Nc6 {[%emt 0:00:00]} 9. h3 {[%emt 0:00:00]} Re8+ {[%emt 0:09:00]} 10. Be2 {[%emt 0:00:00]} Ne4 {[%emt 0:01:30]} 11. O-O {[%emt 0:00:30]} Bxc3 0-1

[Event "IM Marmaris Karia IX 2019"]
[Site "Marmaris"]
[Date "2019.08.25"]
[Round "8.4"]
[White "Benidze, Davit"]
[Black "Oney, Feridun"]
[Result "1-0"]
[WhiteElo "2440"]
[BlackElo "2054"]
[Annotator "NA"]
[PlyCount "55"]
[EventDate "2019.08.24"]
[EventType "schev"]
[EventCountry "TUR"]
[SourceTitle "playchess.com"]
[Source "ChessBase"]
[SourceQuality "1"]
[TimeControl "5400+30"]

1. d4 {[%emt 0:00:30]} c5 {[%emt 0:00:30]} 2. d5 {[%emt 0:00:00]} e5 {[%emt 0:00:30]} 3. Nc3 {[%emt 0:00:00]} d6 {[%emt 0:00:00]} 4. e4 {[%emt 0:00:00]} Be7 {[%emt 0:01:00]} 5. Nf3 {[%emt 0:01:00]} Bg4 {[%emt 0:00:30]} 6. h3 {[%emt 0:06:30]} Bxf3 {[%emt 0:01:30]} 7. Qxf3 {[%emt 0:00:30]} Bg5 {[%emt 0:02:30]} 8. Bxg5 {[%emt 0:00:30]} Qxg5 {[%emt 0:00:30]} 9. Nb5 {[%emt 0:05:30]} Qd8 {[%emt 0:00:30]} 10. Qg4 {[%emt 0:00:00]} Kf8 $16 {[%emt 0:02:30]} 11. Nxd6 {[%emt 0:13:00]} Nf6 {[%emt 0:01:30]} 12. Qc8 {[%emt 0:03:30]} Qxc8 {[%emt 0:00:30]} 13. Nxc8 {[%emt 0:00:00]} Nxe4 {[%emt 0:01:30]} 14. Bd3 {[%emt 0:00:00]} Na6 {[%emt 0:01:30]} 15. Bxe4 {[%emt 0:02:30]} Rxc8 {[%emt 0:00:00]} 16. d6 {[%emt 0:01:30]} Rb8 {[%emt 0:06:00]} 17. O-O-O {[%emt 0:00:30]} g6 {[%emt 0:00:30]} 18. Rhe1 {[%emt 0:04:30]} f6 {[%emt 0:04:30]} 19. f4 {[%emt 0:00:30]} exf4 {[%emt 0:01:30]} 20. Bxb7 {[%emt 0:01:30]} Rxb7 {[%emt 0:00:30]} 21. d7 {[%emt 0:00:00]} Kf7 {[%emt 0:01:30]} 22. d8=Q {[%emt 0:00:00]} Rxd8 {[%emt 0:00:00]} 23. Rxd8 {[%emt 0:00:30]} Rc7 {[%emt 0:00:00]} 24. a3 {[%emt 0:03:30]} c4 {[%emt 0:02:30]} 25. Re4 {[%emt 0:00:30]} g5 {[%emt 0:00:30]} 26. Rdd4 {[%emt 0:00:30]} c3 {[%emt 0:00:30]} 27. b4 {[%emt 0:00:30]} f5 {[%emt 0:00:30]} 28. Re5 {[%emt 0:00:00]} 1-0